Reklama

Bibliographic Details
Main Author: Loydlová, Miroslava, 1972- (Author)
Format: Book
Language:Slovak
PhysicalDescription:91 s. sch., tab. 29 cm
Published: V Bratislave Ekonóm Ekonomická univerzita, Obchodná fakulta 2013
ISBN:9788022537988
Edition:1. vyd.
Subjects:

MARC

LEADER 00000nam a22000005a 4500
001 vtls010594797
003 SK-MaSNL
005 20260301215058.0
008 240318s2013 xo 000 0 slo
015 |a SNBA2014/06 
020 |a 9788022537988  |q (brož.) 
035 |a DD84C9A4-4E20-4BAA-BD71-60EA78EB334F 
035 |a urn:nbn:sk:snk-amkchx 
035 |a urn:nbn:sk:snk-am003ven 
040 |a SNK  |b slo  |c SNK  |e AACR2 
041 0 |a slo 
044 |a xo  |c SK 
072 7 |a 659  |x Reklama. Public relations. Médiá  |2 konspekt 
080 |a 659.1  |2 2001 
080 |a 659.113  |2 2001 
080 |a (075.8)  |2 2001 
100 1 |a Loydlová, Miroslava,  |d 1972-  |4 aut  |9 201419 
245 1 0 |a Reklama  |c Miroslava Loydlová 
250 |a 1. vyd. 
260 |a V Bratislave  |b Ekonóm  |b Ekonomická univerzita, Obchodná fakulta  |c 2013 
300 |a 91 s.  |b sch., tab.  |c 29 cm 
366 |e 100 výt. 
504 |a Bibliogr.: s. 89-91 ; pozn. 
650 0 7 |a reklama a propagácia  |2 SNKPH  |9 66573 
650 0 7 |a reklamné stratégie  |2 SNKPH  |9 82383 
650 0 7 |a Advertising  |2 SNKPHeng  |9 267406 
650 0 7 |a Advertising strategy  |2 SNKPHeng  |9 600056 
655 7 |a učebnice vysokých škôl  |2 SNKPH  |9 70191 
655 7 |a Textbooks (higher)  |2 SNKPHeng  |9 276436 
752 |a Slovensko  |d Bratislava 
852 |a Štátna vedecká knižnica v Banskej Bystrici 
919 |a 978-80-225-3798-8 
958 |a NB 
999 |c 926816  |d 928746 
952 |a SNK  |b SNK  |y PREZ  |7 0  |p 17A1109463  |o snkSB 86650  |i snk2014/10669  |8 0  |0 0  |1 0  |4 0  |d 2014-05-05  |f 1  |l 0  |r 2025-05-07 00:00:00  |w 2026-02-24 
952 |a SNK  |b SNK  |y VYP  |7 0  |p 17A1109462  |o snkSB 86650 D1  |i snk2014/10670  |8 0  |0 0  |1 0  |4 0  |d 2014-05-05  |l 0  |r 2026-02-24 08:36:19  |w 2026-02-24